| 000 | 01941cam a22002897a 4500 | ||
|---|---|---|---|
| 999 |
_c15761 _d15761 |
||
| 003 | EG-ScBUE | ||
| 005 | 20191229111045.0 | ||
| 008 | 110728n f d 000 0 ara d | ||
| 040 |
_aEG-SCBUE _bara _erda _cEG-SCBUE _dEG-SCBUE |
||
| 082 | 0 | 4 |
_a492.73 _bأ ز هـ _222 |
| 100 | 1 |
_aأزهري، محمد بن أحمد، _d282-370 هـ.، _eمؤلف. _926491 |
|
| 245 | 1 | 0 |
_aتهذيب اللغة / _cلأبي منصور محمد بن أحمد الأزهري 282-370 ؛ حققه وقدم له عبد السلام محمد هارون، رشيد عبد الرحمن العبيدي ؛ راجعه محمد علي النجار. |
| 264 | 1 |
_a[مكان النشر غير محدد] : _b[اسم الناشر غير محدد]، _c[تاريخ النشر غير محدد] |
|
| 300 |
_a17 مجلد ؛ _c22 سم |
||
| 336 |
_2rdacontent _aنص _btxt |
||
| 337 |
_2rdamedia _aبدون وسيط _bn |
||
| 338 |
_2rdacarrier _aمجلد _bnc |
||
| 505 | 0 | _aالمجلد الأول -- المجلد الثاني -- المجلد الثالث -- المجلد الرابع -- المجلد الخامس -- المجلد السادس -- المجلد السابع -- المجلد الثامن -- المجلد التاسع -- المجلد العاشر -- المجلد الحادي عشر -- المجلد الثاني عشر -- المجلد الثالث عشر -- المجلد الرابع عشر -- المجلد الخامس عشر -- المجلد السادس عشر (فهارس تهذيب اللغة) -- المجلد السابع عشر (مستدرك تهذيب اللغة). | |
| 590 | _aهاجر | ||
| 650 | 7 |
_aاللغة العربية _vمعاجم. _2BUEsh _98104 |
|
| 653 |
_bGGEN _cDecember2019 |
||
| 655 | _vReading book | ||
| 700 | 1 |
_aهارون، عبد السلام، _eمحقق. _926493 |
|
| 700 | 1 |
_aعبيدي، رشيد عبد الرحمن، _eمحقق. _915349 |
|
| 700 | 1 |
_aنجار ، محمد علي، _eمراجع. _926492 |
|
| 942 |
_2ddc _cREFERENCE |
||